Fictional Characters with Ice Powers - Statistics

General Stats
  • This quiz has been taken 6 times
  • The average score is 3 of 20
Answer Stats
Character % Correct
Elsa
83%
Frozone
33%
Mr Freeze
33%
Captain Cold
17%
Frosty the Snowman
17%
Ice
17%
Iceman
17%
Jack Frost
17%
Killer Frost
17%
Articuno
0%
Blizzard
0%
Coldheart
0%
Crystal
0%
Freeze Man
0%
Frostbite
0%
Glaceon
0%
Ice King
0%
Icemaiden
0%
Polar Boy
0%
Sub-Zero
0%
No matching quizzes found
Score Distribution
Percent of People with Each Score
Percentile by Number Answered
Your Score History
You have not taken this quiz